Kagurabachi - Personnages par image - Statistiques

Statistiques générales
  • Ce quiz a été pris 9 fois
  • Le résultat moyen est 8 sur 20
Statistiques - réponses
Par images Réponse % Correct
Chihiro Rokuhira
100%
Tōgo Shiba
75%
Genichi Sōjō
63%
Hakuri Sazanami
50%
Akemura Soga
38%
Hiruhiko
38%
Hiyuki Kagari
38%
Hokuto
38%
Iwori Samura
38%
Kunishige Rokuhira
38%
Kyōra Sazanami
38%
Natsuki Misaka
38%
Seiichi Samura
38%
Sharu Kyōnagi
38%
Sōshirō Azami
38%
Yōji Uruha
38%
Yura
38%
Norisaku Madoka
25%
Sōya Sazanami
25%
Kuguri
13%
Aucun quiz correspondant
Distribution des résultats
% des personnes avec chaque résultat
Percentile par nombre de réponses
Votre historique - résultats
Vous n’avez pas pris ce quiz